Rebuilding America

Gardado en:
Detalles Bibliográficos
Autor Principal: Alperovitz, Gar
Formato: Libro
Idioma:Undetermined
Publicado: New York Pantheon Books 1984
Những chủ đề:
Các nhãn: Engadir etiqueta
Sen Etiquetas, Sexa o primeiro en etiquetar este rexistro!
Thư viện lưu trữ: Trung tâm Học liệu Trường Đại học Cần Thơ
LEADER 00478nam a2200181Ia 4500
001 CTU_82175
008 210402s9999 xx 000 0 und d
082 |a 338.973 
082 |b A456 
100 |a Alperovitz, Gar 
245 0 |a Rebuilding America 
245 0 |c Gar Alperovitz & Jeff Faux 
260 |a New York 
260 |b Pantheon Books 
260 |c 1984 
650 |a Economic policy 
904 |i Trọng Hải 
980 |a Trung tâm Học liệu Trường Đại học Cần Thơ